000 04940cam a22004695i 4500
999 _c13326
_d13326
001 21674419
003 MAJU-Karachi
005 20220629122331.0
006 m |o d |
007 cr |||||||||||
008 190107s2018 gw |||| o |||| 0|eng
010 _a 2019742360
020 _a9783319988245
022 _a9783319988238
024 7 _a10.1007/978-3-319-98824-5
_2doi
028 _aSpringer
_bA R Books
035 _a(DE-He213)978-3-319-98824-5
040 _aDLC
_beng
_epn
_erda
_cDLC
050 _a530.12
_b10406
072 7 _aPDZ
_2bicssc
072 7 _aPDZ
_2thema
072 7 _aSCI055000
_2bisacsh
082 0 4 _a530
_223
_b10406
100 1 _aJaeger, Lars.
_eauthor.
245 1 4 _aThe Second Quantum Revolution :
_bFrom Entanglement to Quantum Computing and Other Super-Technologies /
_cby Lars Jaeger.
250 _a1st ed. 2018.
300 _a1 online resource (XVIII, 339 pages 2 illustrations)
505 0 _aPrologue: The white rabbit -- Part 1: Quantum 2.0 - The second technological revolution arising from the quantum world: Mighty power - How a theory of the microcosm changed our world.-There's plenty of room at the bottom - A new generation of quantum technologies -- Technology on the smallest scales - The possibilities of nanotechnology -- Incredibly fast - From digital to the quantum computer -- Part 2: Quantum Worlds - The bizarre in the very small: Contradictory atoms - Philosophical problems with the smallest building blocks of nature -- Natura facit saltus - On quantum jumps and particles being made out of nothing -- Tertium datur - Wave and particles at the same time -- As well as neither/-nor - Superposition: how things can be here and there at the same time -- Loss of identity - The New Reality Concept of Quantum Physics and its Consequences -- Part 3: From Quantum Field Theories to a "Theory of Everything" - All matter dissolves: Negative energies and the electron spin - Combining the theory of relativity to produce a new quantum theory -- Quantum field theories - All matter dissolves -- Infinity minus infinity gives something finite - How physicists learnt to deal with infinitely large values in the infinitely small -- More and more particles - From the particle zoo to the standard model of elementary particle physics -- Einstein does not fit - The fundamental problem in physics today -- Part 4: Cutting across philosophical, aesthetic, and spiritual, frames of thought: The Path towards Substancelessness - Breaking with 2,600 years of philosophical thought -- A New Understanding of Truth - How quantum physics made absolute reality disappear, and with it absolute truth -- The eternal interplay - Surprising overlaps between quantum physics and Buddhism -- Symmetries - Beauty in the House of Physics -- Quantum Consciousness and the Tao of Physics - On quantum holism, quantum healing, and other quantum nonsense -- Quantum physics and faith- Explaining the inexplicable -- Part 5: Entanglement - getting to the crux of the matter: The destinies of cats - The quantum physical measurement problem -- Wigner's Friend - Quantum physics and consciousness -- EPR and Hidden Variables - The debate about spooky action at a distance -- The experimental resolution of the Bohr- Einstein debate - How entangled particles made their way from theory into practice -- The Age of Entanglement - From spooks to a new quantum revolution -- Schrödinger's cat is alive - The path back to classical physics -- Part 6: The future - Where are we going?: Quantum Revolution 2.0 - When nanobots and quantum computers become part of our everyday lives.
520 _aThis book tells the story of the second quantum revolution which will shape the 21st century as much as the first quantum revolution shaped the 20th century. It provides unique orientation in today's discussion and the latest progress on the interpretation of quantum physics and its further technological potential. As you read this book the first prototypes of this revolution are being built in laboratories worldwide. Super-technologies such as nanotechnology, quantum computers, quantum information processing, and others will soon shape our daily lives, even if physicists themselves continue to disagree on how to interpret the central theory of modern physics. The book will thus also touch on the profound philosophical questions at the heart of quantum mechanics.
650 0 _aPhysics.
650 0 _aQuantum computers.
650 0 _aQuantum physics.
650 0 _aSpintronics.
650 1 4 _aPopular Science in Physics.
650 2 4 _aQuantum Information Technology, Spintronics.
650 2 4 _aQuantum Physics.
776 0 8 _iPrint version:
_tThe second quantum revolution.
_z9783319988238
_w(DLC) 2018952603
776 0 8 _iPrinted edition:
_z9783319988238
776 0 8 _iPrinted edition:
_z9783319988252
906 _a0
_bibc
_corigres
_du
_encip
_f20
_gy-gencatlg
942 _2ddc
_cBK